Foreign trade of Nicaragua, 1945-1955. (Record no. 51370)

MARC details
000 -LEADER
fixed length control field 00868cam a22002411 4500
001 - CONTROL NUMBER
control field pa 58000039
003 - CONTROL NUMBER IDENTIFIER
control field DLC
005 - DATE AND TIME OF LATEST TRANSACTION
control field 20260227111854.0
008 - FIXED-LENGTH DATA ELEMENTS--GENERAL INFORMATION
fixed length control field 730905s1958 xx 000 0 mul
010 ## - LIBRARY OF CONGRESS CONTROL NUMBER
LC control number pa 58000039
035 ## - SYSTEM CONTROL NUMBER
System control number (OCoLC)685119
040 ## - CATALOGING SOURCE
Original cataloging agency DLC
Transcribing agency PPiU
Modifying agency DLC
042 ## - AUTHENTICATION CODE
Authentication code premarc
050 00 - LIBRARY OF CONGRESS CALL NUMBER
Classification number HF3281
Item number .P3
110 2# - MAIN ENTRY--CORPORATE NAME
Corporate name or jurisdiction name as entry element Pan American Union.
Subordinate unit Office of Statistics.
245 10 - TITLE STATEMENT
Title Foreign trade of Nicaragua, 1945-1955.
260 ## - PUBLICATION, DISTRIBUTION, ETC.
Place of publication, distribution, etc. Washington,
Date of publication, distribution, etc. 1958.
300 ## - PHYSICAL DESCRIPTION
Extent iv, 34 p.
Other physical details tables.
Dimensions 27 cm.
490 1# - SERIES STATEMENT
Series statement Its International trade of the American States. Bulletin
Volume/sequential designation no. 5
500 ## - GENERAL NOTE
General note At head of title: Organization of American States. Inter-American Economic and Social Council.
651 #0 - SUBJECT ADDED ENTRY--GEOGRAPHIC NAME
Geographic name Nicaragua
General subdivision Commerce.
810 2# - SERIES ADDED ENTRY--CORPORATE NAME
Corporate name or jurisdiction name as entry element Pan American Union.
Subordinate unit Department of Statistics.
Title of a work International trade of the American States.
-- Bulletin ;
Volume/sequential designation no. 5.

No items available.

Powered by Koha